00573nam a2200205Ia 4500003000400000005001700004008004100021020002200062040000700084041000800091082001900099100006100118245005400179250000600233260004300239300001600282365001600298650002700314650002600341OSt20230518095955.0210423s2013 xx 000 0 und d a978-1-4496-6139-7 cAL aeng a363.7 MCKE223 aMCKINNEY (Michael L);SCHOCH (Robert M);YONAVJAK (Logan). aEnvironmental science: systems and solutions Ed 5 a5 aUSAbJones & Bartlett Publishersc2013 axxv,694bPB b4858.5cUSD aEnvironmental Problems aOther Social Problems